Southeastern USA: Most Populated Cities - Statistics

General Stats
  • This quiz has been taken 92 times
  • The average score is 13 of 19
Answer Stats
Hint Population Answer % Correct
FL 842,583 Jacksonville
99%
FL 417,650 Miami
97%
GA 447,841 Atlanta
96%
FL 255,483 Orlando
93%
NC 431,746 Raleigh
90%
FL 352,957 Tampa
89%
VA 448,479 Virginia Beach
86%
AL 212,113 Birmingham
82%
VA 214,114 Richmond
81%
AL 201,332 Montgomery
75%
NC 279,639 Greensboro
67%
NC 245,475 Durham
66%
NC 236,441 Winston-Salem
58%
VA 246,139 Norfolk
56%
FL 249,688 St. Petersburg
55%
VA 230,571 Chesapeake
44%
GA 202,824 Columbus
38%
FL 233,394 Hialeah
36%
NC 204,408 Fayetteville
29%
No matching quizzes found
Score Distribution
Percent of People with Each Score
Percentile by Number Answered
Your Score History
You have not taken this quiz